College success strategies / (Record no. 5157)
[ view plain ]
| 000 -LEADER | |
|---|---|
| fixed length control field | 00892cam a22002774a 4500 |
| 001 - CONTROL NUMBER | |
| control field | 15336327 |
| 005 - DATE AND TIME OF LATEST TRANSACTION | |
| control field | 20250324195712.0 |
| 008 - FIXED-LENGTH DATA ELEMENTS--GENERAL INFORMATION | |
| fixed length control field | 080619s2009 nyua 001 0 eng |
| 020 ## - INTERNATIONAL STANDARD BOOK NUMBER | |
| International Standard Book Number | 9780205646340 |
| 020 ## - INTERNATIONAL STANDARD BOOK NUMBER | |
| International Standard Book Number | 0205646344 |
| 050 00 - LIBRARY OF CONGRESS CALL NUMBER | |
| Classification number | LB2395 |
| Item number | .N545 2009 |
| 082 00 - DEWEY DECIMAL CLASSIFICATION NUMBER | |
| Classification number | 378.1/70281 |
| Edition information | 22 |
| 100 1# - MAIN ENTRY--PERSONAL NAME | |
| Personal name | Nist-Olejnik, Sherrie, |
| Dates associated with a name | 1946- |
| 245 10 - TITLE STATEMENT | |
| Title | College success strategies / |
| Statement of responsibility, etc. | Sherrie L. Nist-Olejnik, Jodi Patrick Holschuh. |
| 250 ## - EDITION STATEMENT | |
| Edition statement | 3rd ed. |
| 260 ## - PUBLICATION, DISTRIBUTION, ETC. | |
| Place of publication, distribution, etc. | New York : |
| Name of publisher, distributor, etc. | Pearson Longman, |
| Date of publication, distribution, etc. | c2009. |
| 300 ## - PHYSICAL DESCRIPTION | |
| Extent | xix, 280 p. : |
| Other physical details | ill. ; |
| Dimensions | 23 cm. |
| 500 ## - GENERAL NOTE | |
| General note | Includes index. |
| 650 #0 - SUBJECT ADDED ENTRY--TOPICAL TERM | |
| Topical term or geographic name entry element | Study skills. |
| 650 #0 - SUBJECT ADDED ENTRY--TOPICAL TERM | |
| Topical term or geographic name entry element | Learning, Psychology of. |
| 650 #0 - SUBJECT ADDED ENTRY--TOPICAL TERM | |
| Topical term or geographic name entry element | Academic achievement. |
| 650 #0 - SUBJECT ADDED ENTRY--TOPICAL TERM | |
| Topical term or geographic name entry element | College student orientation. |
| 700 1# - ADDED ENTRY--PERSONAL NAME | |
| Personal name | Holschuh, Jodi. |
| 856 41 - ELECTRONIC LOCATION AND ACCESS | |
| Materials specified | Table of contents only |
| Uniform Resource Identifier | <a href="http://www.loc.gov/catdir/toc/ecip0821/2008026095.html">http://www.loc.gov/catdir/toc/ecip0821/2008026095.html</a> |
| 942 ## - ADDED ENTRY ELEMENTS (KOHA) | |
| Source of classification or shelving scheme | Library of Congress Classification |
| Koha item type | Books |
| Edition | 3rd Ed. |
| Suppress in OPAC | No |
| 999 ## - | |
| -- | 5157 |
| -- | 5157 |
| Withdrawn status | Lost status | Source of classification or shelving scheme | Damaged status | Not for loan | Collection | Home library | Current library | Shelving location | Date acquired | Total checkouts | Full call number | Barcode | Date last seen | Copy number | Price effective from | Koha item type |
|---|---|---|---|---|---|---|---|---|---|---|---|---|---|---|---|---|
| Library of Congress Classification | Non-fiction | Business Library (Miotso) | Business Library (Miotso) | General stacks | 03/24/2025 | LB2395 .N545 2009 | BSSM00001570 | 03/24/2025 | 1 | 03/24/2025 | Books |